000 00462nam a2200169 i 4500
001 101519
003 ES-MaACL
005 20230906182927.0
007 t|
008 051020s1949 sp ||||1| spa d
100 1 _aMedina Junco, Jesús.
_979741
245 1 0 _aUn hombre, una idea /
_cpor J. Medina.
250 _a2ª ed.
260 _aMadrid :
_b[s.n.],
_c1949 (
_fImp. García Vicente)
300 _a205 p. ;
_c24 cm.
852 _aES-MaACL
_jD-7288
_bR.29782
999 _c101519
_d101519